000 00891nam a2200253 a 4500
001 000004828
003 DO-SdBPM
005 20250527100906.0
008 090727s2016 dr 001 0 spa d
040 _aDO-SdBPM
_bspa
_cBPMSU
082 _a346.0668
_bM538n 2016
_222
100 1 _a Mendez Pérex, Jorge Eligio
_d
245 1 0 _aNuevas tendencias derecho y legislación cooperativa dominicana /
_cJorge Eligio Méndez Pérez
260 _aSanto Domingo :
_b Santiago Rivera,
_c2016
300 _a106 p. ;
_c22 cm.
500 _aIncluye referencias bibliográficas y notas al pie de las páginas.
500 _aIncluye datos biográficos del autor en la contra cubierta
504 _a
590 _aInventariado, 2025/VM
650 4 _aCooperativas
_xLegislación
650 4 _aCooperativismo
_xLegislación
910 _aVMateo V. Control de la calidad. BPMSU
942 _2ddc
_cBK
999 _c15105
_d15105